| 000 | 00632nam a2200229Ia 4500 | ||
|---|---|---|---|
| 008 | 160319s9999 xx 000 0 und d | ||
| 020 | _a9715740588 | ||
| 050 | _aFIL PE 1408 | ||
| 050 | _b.A68 2002 c.3 | ||
| 100 | _aAquino, Fe O. | ||
| 245 | _aCommunicative English plus / | ||
| 245 | _cFe O. Aquino. | ||
| 260 | _aQuezon City: | ||
| 260 | _bKatha Pub. Co., Inc., | ||
| 260 | _c2002 | ||
| 300 | _a229 pages : | ||
| 300 | _billustrations ; | ||
| 300 | _c25 cm. | ||
| 500 | _aIncludes bibliographical references. | ||
| 650 | _aEnglish language -- Composition and exercises. | ||
| 650 | _xEnglish language -- Grammar. | ||
| 999 |
_c291765 _d291765 |
||